| 000 | 00931nam a2200193 a 4500 | ||
|---|---|---|---|
| 008 | 120416s1975 ||||||||||||||||| || u | ||
| 020 | _a0070994285 | ||
| 050 | _aGB 661.2 Lin | ||
| 100 | _aPaulhus, Joseph L. H | ||
| 245 | 1 | 0 | _aApplied hydrology |
| 260 |
_aNew Delhi _bTata McGraw-Hill _c1975 |
||
| 300 | _axiv, 689p. : ill. | ||
| 350 | _a0.00 | ||
| 700 | _aLinsley, Ray K | ||
| 700 | _aKohler, Max A | ||
| 995 |
_aANNEX COLLECTION (Main Library) _D0.00 _e712960 _FCBU-MAIN LIBRARY (Kitwe) _H2 _I9.95 _jGB 661.2 Lin _M2 _UAVAILABLE _WFeb 21, 2007 _y002193 _ZAnnex Low-Usage Collection |
||
| 995 |
_aMAIN LIBRARY OPEN ACCESS _D0.00 _e712958 _FCBU-MAIN LIBRARY (Kitwe) _H3 _I9.95 _jGB 661.2 Lin _M3 _UAVAILABLE _WFeb 21, 2007 _y002195 _ZMain Library Open Access Collection |
||
| 995 |
_aMAIN LIBRARY OPEN ACCESS _D0.00 _e712959 _FCBU-MAIN LIBRARY (Kitwe) _H1 _I9.95 _jGB 661.2 Lin _M1 _UAVAILABLE _WFeb 21, 2007 _y002194 _ZMain Library Open Access Collection |
||
| 999 |
_c84287 _d84287 |
||